Essential mathematics for engineering (Record no. 62809)

MARC details
000 -LEADER
fixed length control field 01061nam a2200193 a 4500
008 - FIXED-LENGTH DATA ELEMENTS--GENERAL INFORMATION
fixed length control field 120416s1997 ||||||||||||||||| || u
020 ## - INTERNATIONAL STANDARD BOOK NUMBER
International Standard Book Number 0750636211
050 ## - LIBRARY OF CONGRESS CALL NUMBER
Classification number TA 330 Bol
100 ## - MAIN ENTRY--PERSONAL NAME
Personal name Bolton, W
245 10 - TITLE STATEMENT
Title Essential mathematics for engineering
260 ## - PUBLICATION, DISTRIBUTION, ETC.
Place of publication, distribution, etc. Oxford
Name of publisher, distributor, etc. BUTTERWORTH HEINEMANN
Date of publication, distribution, etc. 1997
300 ## - PHYSICAL DESCRIPTION
Extent xiv, 706 p. : ill.
350 ## -
-- 0.00
650 #0 - SUBJECT ADDED ENTRY--TOPICAL TERM
Topical term or geographic name entry element ENGINEERING MATHEMATICS
995 ## -
-- MAIN LIBRARY OPEN ACCESS
-- 0.00
-- 734586
-- CBU-MAIN LIBRARY (Kitwe)
-- 2
-- 40.00
-- TA 330 Bol
-- 2
-- AVAILABLE
-- Apr 25, 2006
-- 47935
-- Main Library Open Access Collection
995 ## -
-- ANNEX COLLECTION (Main Library)
-- 0.00
-- 730564
-- CBU-MAIN LIBRARY (Kitwe)
-- 4
-- 40.00
-- TA 330 Bol
-- 4
-- AVAILABLE
-- 027505
-- Annex Low-Usage Collection
995 ## -
-- MAIN LIBRARY OPEN ACCESS
-- 0.00
-- 730563
-- CBU-MAIN LIBRARY (Kitwe)
-- 1
-- 40.00
-- TA 330 Bol
-- 1
-- LOST
-- Mar 7, 2013
-- 027507
-- Main Library Open Access Collection
995 ## -
-- MEDICAL LIBRARY OPEN ACCESS
-- 0.00
-- 730565
-- CBU-MAIN LIBRARY (Kitwe)
-- 3
-- 40.00
-- TA 330 Bol
-- 3
-- AVAILABLE
-- 027506
-- Main Library Open Access Collection
999 ## -
-- 62809
-- 62809
Holdings
Withdrawn status Lost status Source of classification or shelving scheme Damaged status Not for loan Permanent Location Current Location Shelving location Date acquired Total Checkouts Full call number Barcode Date last seen Price effective from Koha item type
          CBU-MAIN LIBRARY, KITWE. CBU-MAIN LIBRARY, KITWE.   12/16/2022   TA 330 Bol 47935 12/16/2022 12/16/2022 MONOGRAPH
          CBU-MAIN LIBRARY, KITWE. CBU-MAIN LIBRARY, KITWE.   12/16/2022   TA 330 Bol 027505 12/16/2022 12/16/2022 MONOGRAPH
          CBU-MAIN LIBRARY, KITWE. CBU-MAIN LIBRARY, KITWE.   12/16/2022   TA 330 Bol 027507 12/16/2022 12/16/2022 MONOGRAPH
          CBU-SCHOOL OF MEDICINE LIBRARY, NDOLA. CBU-SCHOOL OF MEDICINE LIBRARY, NDOLA.   12/16/2022   TA 330 Bol 027506 12/16/2022 12/16/2022 MONOGRAPH